000 00257nam a2200097Ia 4500
001 999450
005 20250826221601.0
008 250824s9999 xx 000 0 und d
245 0 _aMASKESİZ BEŞLER KIRMIZI ŞERİFİN PEŞİNDE
_cTİNA ZANG
260 _bPARODİ
999 _c999450
_d999450